[Event "Landesliga Sued9900"]
[Site "Bayern"]
[Date "1999.??.??"]
[Round "?"]
[White "Umansky, Mikhail"]
[Black "Riedel, Wolfgang"]
[Result "1-0"]
[WhiteElo "2445"]
[BlackElo "2365"]
[PlyCount "59"]
[EventDate "1999.??.??"]
[Source "www.chesslib.no"]
[SourceDate "2004.05.04"]

1. d4 d5 2. c4 c6 3. Nf3 Nf6 4. Nc3 e6 5. g3 Nbd7 6. Qd3 Be7 7. Bg2 O-O 8. O-O b6 9. e4 Ba6 10. b3 Rc8 11. Rd1 dxc4 12. bxc4 c5 13. d5 exd5 14. e5 Bxc4 15. Qf5 g6 16. Qh3 d4 17. exf6 Nxf6 18. Bg5 Nh5 19. Bh6 Be6 20. g4 dxc3 21. Rxd8 Rfxd8 22. Ne1 Bf6 23. Qf3 Bd5 24. Qe2 Ng7 25. Rc1 Bxg2 26. Nxg2 Ne6 27. Ne3 Nd4 28. Qa6 c4 29. Kg2 b5 30. Qxf6 1-0

[Event "World Open"]
[Site "Philadelphia, PA USA"]
[Date "1993.??.??"]
[Round "6"]
[White "Olafsson, Helgi"]
[Black "Martinovsky, Eugene"]
[Result "0-1"]
[WhiteElo "2530"]
[BlackElo "2270"]
[PlyCount "60"]
[EventDate "1993.??.??"]
[Source "www.chesslib.no"]
[SourceDate "2004.05.04"]

1. d4 d5 2. c4 e6 3. Nc3 Nf6 4. Nf3 Be7 5. g3 O-O 6. Bg2 Nbd7 7. Qd3 c6 8. O-O b6 9. e4 Ba6 10. b3 b5 11. cxd5 cxd5 12. e5 Ne8 13. Re1 Nc7 14. Ne2 b4 15. Qd2 Nb5 16. h4 Rc8 17. Bb2 Qb6 18. h5 Rc6 19. h6 g6 20. Rac1 Rfc8 21. Ng5 Nc3 22. Bxc3 bxc3 23. Nxc3 Bxg5 24. Qxg5 Rxc3 25. Rxc3 Rxc3 26. Qe7 Qc7 27. Bxd5 exd5 28. e6 Re3 29. Kh2 Rf3 30. Re5 Qc2 0-1

[Event "Cannes Open"]
[Site "Cannes FRA"]
[Date "1988.??.??"]
[Round "?"]
[White "Flear, Glenn C"]
[Black "Bertok, Mario"]
[Result "1/2-1/2"]
[WhiteElo "2460"]
[BlackElo "2340"]
[PlyCount "33"]
[EventDate "1988.02.??"]
[Source "www.chesslib.no"]
[SourceDate "2004.05.04"]

1. d4 d5 2. c4 e6 3. Nf3 Be7 4. g3 Nf6 5. Bg2 O-O 6. O-O c6 7. Nc3 Nbd7 8. Qd3 b6 9. cxd5 cxd5 10. Bf4 a6 11. Rfc1 Bb7 12. Na4 Rc8 13. Rxc8 Qxc8 14. Rc1 Qa8 15. Bc7 Qa7 16. Ne5 Rc8 17. Nxd7 1/2-1/2

[Event "YUG Team Ch"]
[Site "?"]
[Date "2002.??.??"]
[Round "?"]
[White "Mihajlovic Veselin"]
[Black "Lazic Miroljub"]
[Result "0-1"]
[WhiteElo "2323"]
[BlackElo "2474"]
[PlyCount "100"]
[EventDate "2002.??.??"]
[Source "www.chesslib.no"]
[SourceDate "2004.05.04"]

1. d4 d5 2. Nf3 c6 3. c4 e6 4. g3 Nf6 5. Bg2 Nbd7 6. O-O Be7 7. Nc3 O-O 8. Qd3 b6 9. b3 Ba6 10. e4 Rc8 11. Rd1 c5 12. exd5 exd5 13. Bb2 dxc4 14. bxc4 Qc7 15. d5 Bd6 16. a4 Qb8 17. Nb5 Rce8 18. Nxd6 Qxd6 19. a5 b5 20. cxb5 Rb8 21. Bxf6 Bxb5 22. Qc3 Nxf6 23. Ne5 a6 24. Nc6 Rbe8 25. Rac1 Ba4 26. Rd2 Bb5 27. h3 Nd7 28. Rdd1 c4 29. Bf1 Re4 30. Bg2 Ree8 31. Re1 Nc5 32. Qa3 Nb7 33. Qa1 Qc5 34. Qc3 Nd6 35. h4 Rxe1+ 36. Rxe1 Ba4 37. Ne7+ Kh8 38. h5 h6 39. Rc1 Re8 40. Re1 Bd7 41. Nc6 Rxe1+ 42. Qxe1 c3 43. Ne5 c2 44. Nd3 Qd4 45. Qe3 Qxd3 46. Qxd3 c1=Q+ 47. Kh2 Bb5 48. Qd4 Qg5 49. Bf3 Qf6 50. Qe3 Nc4 0-1

[Event "11. Open"]
[Site "?"]
[Date "2005.01.03"]
[Round "2"]
[White "Horvath Jozsef"]
[Black "Cocchi Andrea"]
[Result "1-0"]
[WhiteElo "2508"]
[BlackElo "2284"]
[PlyCount "73"]
[EventDate "2005.??.??"]
[Source "www.chesslib.no"]
[SourceDate "2004.05.04"]

1. d4 d5 2. c4 e6 3. Nf3 Nf6 4. g3 Be7 5. Bg2 O-O 6. Nc3 Nbd7 7. Qd3 c6 8. O-O b6 9. b3 Bb7 10. Rd1 c5 11. cxd5 Nxd5 12. Nxd5 Bxd5 13. e4 Bb7 14. Bb2 Nf6 15. Ng5 Nd7 16. e5 Bxg5 17. Bxb7 Rb8 18. Be4 f5 19. exf6 Nxf6 20. dxc5 Qxd3 21. Bxd3 bxc5 22. Bc4 Kf7 23. f4 Bh6 24. f5 Rfd8 25. Bxe6+ Ke7 26. Re1 Rd2 27. Bc4+ Kf8 28. Bc1 Rd4 29. Ba3 Rc8 30. Re2 Bd2 31. Bb2 Rdd8 32. Kg2 Ng4 33. Kf3 h5 34. h3 Nh6 35. f6 Nf5 36. fxg7+ Nxg7 37. Kg2 1-0

[Event "JUG Team Ch"]
[Site "Zlatibor"]
[Date "1989.??.??"]
[Round "?"]
[White "Ristic, Nenad"]
[Black "Stojakovic, Branko"]
[Result "1-0"]
[WhiteElo "2465"]
[BlackElo "2320"]
[PlyCount "59"]
[EventDate "1989.??.??"]
[Source "www.chesslib.no"]
[SourceDate "2004.05.04"]

1. d4 Nf6 2. Nf3 e6 3. g3 d5 4. Bg2 Be7 5. c4 O-O 6. O-O Nbd7 7. Nc3 c6 8. Qd3 b6 9. e4 Bb7 10. Rd1 Qc8 11. b3 Rd8 12. e5 Ne8 13. Ng5 Nf8 14. Qf3 f6 15. exf6 gxf6 16. Nh3 Ng6 17. Nf4 Ng7 18. Bh3 f5 19. Bg2 dxc4 20. bxc4 Bf6 21. Bb2 Nxf4 22. Qxf4 Rd7 23. Ne4 Be7 24. Ng5 Qd8 25. h4 Bf6 26. Rd2 e5 27. dxe5 Rxd2 28. exf6 Rxb2 29. fxg7 Qd2 30. Qxf5 1-0

[Event "TCh-POL Ekstraliga"]
[Site "?"]
[Date "2005.09.03"]
[Round "1"]
[White "Marszalek Maciej"]
[Black "Gajewski Grzegorz"]
[Result "1/2-1/2"]
[WhiteElo "2386"]
[BlackElo "2396"]
[PlyCount "67"]
[EventDate "2005.??.??"]
[Source "www.chesslib.no"]
[SourceDate "2004.05.04"]

1. d4 d5 2. c4 c6 3. Nf3 Nf6 4. Nc3 e6 5. g3 Nbd7 6. Qd3 Be7 7. Bg2 O-O 8. O-O b6 9. Rd1 a5 10. a4 Ba6 11. b3 Bb4 12. Bb2 Qe7 13. Na2 Bd6 14. Nc3 Bb4 15. Na2 Ba3 16. Bxa3 Qxa3 17. Nc3 Qxb3 18. Nxd5 Qxc4 19. Nxf6+ Nxf6 20. Qxc4 Bxc4 21. Ne5 Bxe2 22. Rdb1 Nd5 23. Rb2 Ba6 24. Nxc6 Rfe8 25. Bxd5 exd5 26. Rxb6 Bc4 27. Rab1 Bd3 28. Rc1 f6 29. Rb7 Kf8 30. Rc3 Re1+ 31. Kg2 Bf1+ 32. Kf3 Be2+ 33. Kg2 Re8 34. Nxa5 1/2-1/2

[Event "Evry"]
[Site "Evry"]
[Date "2001.03.23"]
[Round "9"]
[White "Inkiov, Ventzislav"]
[Black "Justo, Damian"]
[Result "0-1"]
[WhiteElo "2448"]
[BlackElo "2327"]
[PlyCount "68"]
[EventDate "2001.03.??"]
[Source "ChessBase"]
[SourceDate "2001.07.05"]

1. d4 d5 2. c4 e6 3. Nf3 Be7 4. g3 Nf6 5. Bg2 O-O 6. O-O c6 7. Nc3 Nbd7 8. Qd3 b6 9. e4 Ba6 10. b3 dxc4 11. bxc4 e5 12. Rd1 exd4 13. Nxd4 Ne5 14. Qc2 Qc7 15. f4 Nxc4 16. e5 Ng4 17. Qa4 Bb5 18. Ncxb5 cxb5 19. Qxb5 Rad8 20. Bf3 a6 21. Qb3 Qc5 22. Bxg4 Rxd4 23. Kg2 Rfd8 24. Rxd4 Qxd4 25. Rb1 Bc5 26. Kh3 Qe4 27. Bf3 Qg6 28. Be2 Nd2 29. Bxd2 Rxd2 30. Rd1 Rxe2 31. Rd8+ Bf8 32. Qf3 Rc2 33. f5 Qh6+ 34. Kg4 Rc4+ 0-1

[Event "NOR-INA"]
[Site "Norway"]
[Date "1992.??.??"]
[Round "1"]
[White "Ginting, Nasib"]
[Black "Hoen, Ragnar H"]
[Result "1-0"]
[WhiteElo "2430"]
[BlackElo "2340"]
[PlyCount "46"]
[EventDate "1992.??.??"]
[Source "www.chesslib.no"]
[SourceDate "2004.05.04"]

1. d4 Nf6 2. c4 e6 3. g3 d5 4. Nf3 Be7 5. Bg2 O-O 6. O-O c6 7. Nc3 Nbd7 8. Qd3 b6 9. e4 Ba6 10. b3 Rc8 11. a4 c5 12. exd5 exd5 13. Nb5 dxc4 14. bxc4 cxd4 15. Nfxd4 Ne5 16. Qe2 Nfd7 17. Bd5 Bc5 18. Bb2 Re8 19. Nf5 Qg5 20. Nfd6 Bxb5 21. Nxc8 Ba6 22. Nxa7 Nf6 23. Nb5 Nxd5 1-0

[Event "CSR Team Ch 9091"]
[Site "Czekhoslovakia"]
[Date "1991.01.20"]
[Round "6.1"]
[White "Neckar, Lubomir"]
[Black "Dobrovolsky, Ladislav"]
[Result "1-0"]
[WhiteElo "2355"]
[BlackElo "2395"]
[PlyCount "85"]
[EventDate "1990.??.??"]
[Source "www.chesslib.no"]
[SourceDate "2004.05.04"]

1. Nf3 d5 2. c4 e6 3. g3 Nf6 4. Bg2 Be7 5. O-O O-O 6. d4 Nbd7 7. Nc3 c6 8. Qd3 b6 9. Rd1 Bb7 10. e4 dxe4 11. Nxe4 c5 12. Nxf6+ Bxf6 13. Ng5 Bxg5 14. Bxb7 Bxc1 15. Raxc1 Rb8 16. Bc6 cxd4 17. Qxd4 Nf6 18. Qe5 Qe7 19. Rd6 Rfd8 20. Rcd1 Rxd6 21. Rxd6 Rc8 22. b4 Ne8 23. Bxe8 Qxe8 24. Qd4 h6 25. Qd3 Qe7 26. a3 Qg5 27. Kg2 Qe5 28. Rd7 a5 29. Rd6 Rb8 30. b5 g6 31. Rd7 Kg7 32. Qf3 Qf5 33. Qxf5 gxf5 34. Rc7 Rd8 35. Rc6 Rd4 36. Kf3 Rd3+ 37. Ke2 Rd4 38. f4 f6 39. c5 bxc5 40. b6 Rd8 41. Rxe6 Kf7 42. Rc6 Ke7 43. Rxc5 1-0

[Event "CZE Team Ch"]
[Site "Czech Republic"]
[Date "1993.??.??"]
[Round "?"]
[White "Neckar, Lubomir"]
[Black "Dobrovolsky, Ladislav"]
[Result "1-0"]
[WhiteElo "2360"]
[BlackElo "2390"]
[PlyCount "67"]
[EventDate "1993.??.??"]
[Source "www.chesslib.no"]
[SourceDate "2004.05.04"]

1. Nf3 d5 2. c4 c6 3. g3 Nf6 4. Bg2 e6 5. d4 Nbd7 6. O-O Be7 7. Qd3 O-O 8. Nc3 b6 9. Rd1 Bb7 10. e4 Rc8 11. Bf4 dxe4 12. Nxe4 Nxe4 13. Qxe4 Nf6 14. Qe2 Bd6 15. Ne5 Qe7 16. Rac1 c5 17. dxc5 Bxc5 18. Bg5 Bxg2 19. Kxg2 Qb7+ 20. Qf3 Qxf3+ 21. Kxf3 Rfd8 22. Rxd8+ Rxd8 23. b4 Bf8 24. Nc6 Rd3+ 25. Be3 Rd7 26. b5 Ne8 27. a4 Nd6 28. a5 Nc8 29. Nxa7 Rxa7 30. axb6 Rb7 31. c5 Bxc5 32. Rxc5 Nd6 33. Rc6 Rd7 34. Rxd6 1-0

[Event "HUN Team Ch"]
[Site "HUN"]
[Date "1993.??.??"]
[Round "?"]
[White "Horvath, Csaba"]
[Black "Juhasz, Jozsef"]
[Result "1-0"]
[WhiteElo "2515"]
[BlackElo "2235"]
[PlyCount "47"]
[EventDate "1993.??.??"]
[Source "www.chesslib.no"]
[SourceDate "2004.05.04"]

1. d4 Nf6 2. c4 e6 3. Nc3 d5 4. Nf3 Be7 5. g3 O-O 6. Bg2 Nbd7 7. O-O c6 8. Qd3 b6 9. e4 dxe4 10. Nxe4 Nxe4 11. Qxe4 Bb7 12. Rd1 Re8 13. Bf4 Qc8 14. Ne5 Nxe5 15. Bxe5 Bf8 16. h4 Re7 17. c5 Rd7 18. b4 Qd8 19. Qg4 Kh8 20. Qh5 Rc8 21. Be4 f5 22. Bd3 Kg8 23. Bc4 Rd5 24. Qf3 1-0

[Event "JUG-chT"]
[Site "Tivat"]
[Date "1995.??.??"]
[Round "3"]
[White "Ristic, Nenad"]
[Black "Savicevic, Vlatko"]
[Result "1-0"]
[WhiteElo "2400"]
[BlackElo "2350"]
[PlyCount "103"]
[EventDate "1995.??.??"]
[Source "ChessBase"]

1. d4 d5 2. Nf3 Nf6 3. c4 e6 4. g3 Be7 5. Bg2 O-O 6. O-O c6 7. Nc3 Nbd7 8. Qd3 b6 9. Rd1 Ba6 10. b3 c5 11. Nb5 Bb7 12. cxd5 Bxd5 13. Nc3 Bb7 14. Bb2 Qb8 15. e4 cxd4 16. Nxd4 Rd8 17. Qe2 Bf8 18. Rd2 e5 19. Nf5 Nc5 20. Nd5 Nxd5 21. exd5 f6 22. Rad1 Bd6 23. f4 Re8 24. Re1 Qc7 25. Nxd6 Qxd6 26. fxe5 fxe5 27. Bxe5 Qh6 28. Qd1 Rad8 29. Bf4 Rxe1+ 30. Qxe1 Qh5 31. b4 Re8 32. Qd1 Qxd1+ 33. Rxd1 Nd7 34. Bh3 Nf8 35. d6 Bc6 36. d7 Rd8 37. Bg5 Rxd7 38. Bxd7 Nxd7 39. Rc1 Bb5 40. Be3 Kf7 41. Rc7 a6 42. Bxb6 Ke6 43. Bd4 g6 44. Kf2 h5 45. Ke3 Kf5 46. Ra7 Nb8 47. Rf7+ Kg4 48. Kf2 Kh3 49. Rf4 g5 50. Rf5 Kg4 51. Rd5 h4 52. Be3 1-0

[Event "Dortmund-C"]
[Site "Dortmund GER"]
[Date "1989.??.??"]
[Round "?"]
[White "Keitlinghaus, Ludger"]
[Black "Buecker, Peter"]
[Result "0-1"]
[WhiteElo "2410"]
[BlackElo "2320"]
[PlyCount "87"]
[EventDate "1989.03.??"]
[Source "www.chesslib.no"]
[SourceDate "2004.05.04"]

1. c4 e6 2. Nf3 d5 3. g3 Nf6 4. Bg2 Be7 5. O-O O-O 6. d4 Nbd7 7. Nc3 c6 8. Qd3 b6 9. e4 Ba6 10. b3 b5 11. cxd5 Qa5 12. d6 b4 13. Qc2 Bxf1 14. dxe7 Rfe8 15. Bxf1 bxc3 16. Bg5 h6 17. Bxf6 Nxf6 18. Ne5 c5 19. Nc4 Qc7 20. d5 exd5 21. exd5 Nxd5 22. Bg2 Nb4 23. Qxc3 Rab8 24. a3 Nc6 25. Bxc6 Qxc6 26. Ne3 Qe6 27. Qxc5 Qxe7 28. Qc3 Rec8 29. Qb2 Qe6 30. b4 Rc7 31. Rd1 Rd7 32. Rxd7 Qxd7 33. Qe5 Re8 34. Qc5 Rc8 35. Qe5 Qe6 36. Qf4 Re8 37. Qd4 a6 38. a4 Qe4 39. Qd7 Qb1+ 40. Kg2 Qe4+ 41. Kg1 Rb8 42. Nd5 Qe1+ 43. Kg2 Qe6 44. Ne7+ 0-1

[Event "Cappelle Open"]
[Site "Cappelle la Grande FRA"]
[Date "1994.??.??"]
[Round "4"]
[White "Ulibin, Mikhail"]
[Black "Guedon, Stephanne"]
[Result "1-0"]
[WhiteElo "2515"]
[BlackElo "2215"]
[PlyCount "55"]
[EventDate "1994.02.??"]
[Source "www.chesslib.no"]
[SourceDate "2004.05.04"]

1. d4 e6 2. c4 Nf6 3. g3 d5 4. Bg2 Be7 5. Nf3 O-O 6. O-O Nbd7 7. Nc3 c6 8. Qd3 b6 9. e4 Ba6 10. b3 Rc8 11. Rd1 b5 12. cxd5 cxd5 13. e5 Ne8 14. Nxb5 Qb6 15. a4 Nc7 16. Bf1 Rb8 17. Bg5 Rfe8 18. Rdc1 h6 19. Bxe7 Rxe7 20. Qc3 Nxb5 21. axb5 Bxb5 22. Bxb5 Qxb5 23. Rxa7 Qxb3 24. Qxb3 Rxb3 25. Ne1 Rb8 26. Rcc7 Rd8 27. Nd3 Kf8 28. Nb4 1-0

[Event "Werfen Open"]
[Site "Werfen"]
[Date "1989.??.??"]
[Round "8"]
[White "Neckar, Lubomir"]
[Black "Mathe, Gaspar"]
[Result "1/2-1/2"]
[WhiteElo "2375"]
[BlackElo "2355"]
[PlyCount "41"]
[EventDate "1989.??.??"]
[Source "www.chesslib.no"]
[SourceDate "2004.05.04"]

1. Nf3 d5 2. c4 e6 3. g3 Nf6 4. Bg2 Be7 5. d4 O-O 6. Nc3 Nbd7 7. O-O c6 8. Qd3 b6 9. Rd1 Bb7 10. e4 Rc8 11. Bf4 Re8 12. h4 h6 13. e5 dxc4 14. Qxc4 Nd5 15. Nxd5 cxd5 16. Qd3 Nb8 17. Rac1 Qd7 18. Bf1 Ba6 19. Qb3 Rxc1 20. Rxc1 Bxf1 21. Kxf1 1/2-1/2

[Event "Capelle la Grande"]
[Site "Capelle la Grande"]
[Date "1994.??.??"]
[Round "4"]
[White "Ulibin, Mikhail"]
[Black "Guedon, Stephanne"]
[Result "1-0"]
[WhiteElo "2515"]
[BlackElo "2215"]
[PlyCount "55"]
[EventDate "1994.??.??"]
[Source "www.chesslib.no"]
[SourceDate "2004.05.04"]

1. d4 e6 2. c4 Nf6 3. g3 d5 4. Bg2 Be7 5. Nf3 O-O 6. O-O Nbd7 7. Nc3 c6 8. Qd3 b6 9. e4 Ba6 10. b3 Rc8 11. Rd1 b5 12. cxd5 cxd5 13. e5 Ne8 14. Nxb5 Qb6 15. a4 Nc7 16. Bf1 Rb8 17. Bg5 Rfe8 18. Rdc1 Kh8 19. Bxe7 Na8 20. Qc4 Nf8 21. b4 Bxb5 22. Bh3 Qa5 23. Rd1 Bxa4 24. Rdc1 Bd7 25. Qc6 Nc7 26. Qxd7 a6 27. Qa4 Rxe7 28. Rf1 1-0

[Event "Akropolis Open"]
[Site "Athens GRE"]
[Date "1989.??.??"]
[Round "?"]
[White "Andrianov, Nikolai"]
[Black "Kofidis, Andreas"]
[Result "1-0"]
[WhiteElo "2455"]
[BlackElo "2270"]
[PlyCount "111"]
[EventDate "1989.??.??"]
[Source "www.chesslib.no"]
[SourceDate "2004.05.04"]

1. d4 d5 2. Nf3 Nf6 3. c4 e6 4. g3 Nbd7 5. Bg2 c6 6. O-O Be7 7. Nc3 O-O 8. Qd3 Re8 9. e4 dxe4 10. Nxe4 Nxe4 11. Qxe4 Bf6 12. Bf4 c5 13. dxc5 Nxc5 14. Qe3 e5 15. Bxe5 Bg4 16. Qxc5 Bxf3 17. Bxf6 Qxf6 18. Bxf3 Qxf3 19. Rae1 b6 20. Qd4 Rad8 21. Re3 Qc6 22. Rfe1 h5 23. Rxe8+ Rxe8 24. Rxe8+ Qxe8 25. h4 Qe2 26. Kg2 Qc2 27. a3 Qb3 28. Kf1 g6 29. Ke2 Kf8 30. Qd8+ Kg7 31. Qd4+ Kf8 32. Kd2 Qf3 33. Qd8+ Kg7 34. Qd4+ Kf8 35. Qe3 Qf6 36. Kc2 Qf5+ 37. Kc3 Qa5+ 38. Kb3 Qf5 39. f4 Qb1 40. Kc3 Qd1 41. Qd2 Qf3+ 42. Qd3 Qg2 43. b4 Qa2 44. Kd4 Ke7 45. Kd5 f5 46. Kc6 Qg2+ 47. Kc7 Qe4 48. Qd7+ Kf6 49. c5 bxc5 50. bxc5 Qe3 51. c6 a5 52. Qd6+ Kf7 53. Qd5+ Kf8 54. Kb7 Qxa3 55. c7 Qb4+ 56. Ka6 1-0

[Event "Alicante ESP"]
[Site "?"]
[Date "2000.??.??"]
[Round "9"]
[White "Martinez Rodriguez Pablo"]
[Black "Veingold Aleksandr"]
[Result "0-1"]
[WhiteElo "2265"]
[BlackElo "2457"]
[PlyCount "36"]
[EventDate "2000.??.??"]
[Source "www.chesslib.no"]
[SourceDate "2004.05.04"]

1. c4 Nf6 2. g3 e6 3. Bg2 d5 4. Nf3 Be7 5. O-O O-O 6. d4 Nbd7 7. Nc3 c6 8. Qd3 b6 9. e4 Ba6 10. b3 dxe4 11. Nxe4 b5 12. Nfg5 bxc4 13. Nxf6+ Nxf6 14. bxc4 Rc8 15. Rd1 Qa5 16. Ne4 Qa4 17. Nxf6+ Bxf6 18. Bf1 Bxc4 0-1

[Event "Open A"]
[Site "Prague CZE"]
[Date "2008.01.15"]
[Round "5"]
[White "Gross, G."]
[Black "Roy Chowdhury, S."]
[Result "1/2-1/2"]
[WhiteElo "2303"]
[BlackElo "2418"]
[PlyCount "47"]
[EventDate "2008.01.11"]
[Source "www.chesslib.no"]
[SourceDate "2004.05.04"]

1. d4 e6 2. g3 Nf6 3. Bg2 d5 4. Nf3 c6 5. O-O Nbd7 6. c4 Be7 7. Nc3 O-O 8. Qd3 b6 9. b3 Ba6 10. Rd1 c5 11. e4 Rc8 12. exd5 exd5 13. Bb2 dxc4 14. bxc4 cxd4 15. Nb5 Bxb5 16. cxb5 Nc5 17. Qxd4 Qxd4 18. Nxd4 Na4 19. Nf5 Bc5 20. Bxf6 gxf6 21. Rd7 Nc3 22. a4 Rcd8 23. Rxa7 Rd2 24. Ne3 1/2-1/2

[Event "Werfen"]
[Site "Werfen"]
[Date "1992.??.??"]
[Round "6"]
[White "Neckar, Lubomir"]
[Black "Staller, Peter"]
[Result "1/2-1/2"]
[WhiteElo "2360"]
[BlackElo "2360"]
[PlyCount "41"]
[EventDate "1992.??.??"]
[Source "www.chesslib.no"]
[SourceDate "2004.05.04"]

1. Nf3 Nf6 2. c4 e6 3. g3 d5 4. Bg2 Be7 5. O-O O-O 6. d4 c6 7. Nc3 Nbd7 8. Qd3 b6 9. e4 Ba6 10. b3 dxe4 11. Nxe4 Rc8 12. Rd1 b5 13. Nxf6+ Bxf6 14. cxb5 cxb5 15. Ba3 Re8 16. Bb4 Qb6 17. Rac1 Bb7 18. Rxc8 Rxc8 19. Qd2 Bd8 20. Ne1 Nf6 21. Bc5 1/2-1/2

[Event "Frisco Masters op"]
[Site "San Francisco"]
[Date "2000.03.06"]
[Round "1"]
[White "McCambridge, Vincent"]
[Black "Pupols, Viktors"]
[Result "1/2-1/2"]
[WhiteElo "2464"]
[BlackElo "2242"]
[PlyCount "79"]
[EventDate "2000.03.31"]
[Source "www.chesslib.no"]
[SourceDate "2004.05.04"]

1. c4 Nf6 2. Nc3 e6 3. g3 d5 4. Bg2 Be7 5. d4 O-O 6. Nf3 c6 7. O-O Nbd7 8. Qd3 b6 9. e4 dxe4 10. Nxe4 Nxe4 11. Qxe4 Nf6 12. Qxc6 Bd7 13. Qb7 Rb8 14. Qa6 Bc6 15. Bf4 Rc8 16. Rad1 h6 17. Rfe1 Bb4 18. Bd2 Bd6 19. Ne5 Bxg2 20. Kxg2 Qc7 21. Bc3 Bxe5 22. dxe5 Qc6+ 23. f3 Nd7 24. Rd6 Qc7 25. Qa4 Nc5 26. Qd1 Rfd8 27. Qd4 Nb7 28. Rd1 f5 29. Rd7 Rxd7 30. Qxd7 Qxc4 31. Qxb7 Qe2+ 32. Kh3 Qxd1 33. Qxc8+ Kh7 34. Qc4 Qxf3 35. Qf4 Qd5 36. Qf1 g5 37. g4 Qe4 38. Qd1 Kg6 39. gxf5+ exf5 40. e6 1/2-1/2

[Event "Bundesliga 8081"]
[Site "Germany"]
[Date "1981.??.??"]
[Round "?"]
[White "Borik, Otto"]
[Black "Westermeier, Arnulf"]
[Result "1/2-1/2"]
[WhiteElo "2390"]
[BlackElo "2305"]
[PlyCount "56"]
[EventDate "1980.10.??"]
[Source "ChessBase"]
[SourceDate "1999.07.01"]

1. d4 Nf6 2. c4 e6 3. Nf3 d5 4. Nc3 Be7 5. g3 O-O 6. Bg2 Nbd7 7. Qd3 c6 8. O-O b6 9. cxd5 cxd5 10. Bf4 Bb7 11. Rfc1 Ne4 12. a4 Rc8 13. Nb5 Ba6 14. Qb3 Rxc1+ 15. Rxc1 g5 16. Be3 Qb8 17. h4 h6 18. hxg5 hxg5 19. Rc6 Rd8 20. Ne1 Bb7 21. Rc1 a6 22. Bxe4 axb5 23. Bc2 bxa4 24. Qd3 Nf8 25. Nf3 f6 26. Kg2 Qd6 27. Bxa4 Rc8 28. Rxc8 Bxc8 1/2-1/2

[Event "Bundesliga 9697"]
[Site "Germany"]
[Date "1997.??.??"]
[Round "?.6"]
[White "Gross, Georg"]
[Black "Hedke, Fred"]
[Result "1-0"]
[WhiteElo "2340"]
[BlackElo "2355"]
[PlyCount "119"]
[EventDate "1996.10.??"]
[Source "ChessBase"]
[SourceDate "1999.07.01"]

1. d4 d5 2. Nf3 Nf6 3. c4 e6 4. g3 Be7 5. Bg2 O-O 6. O-O Nbd7 7. Nc3 c6 8. Qd3 b6 9. Rd1 Bb7 10. e4 Rc8 11. Bf4 h6 12. Ne5 Nxe4 13. Nxe4 dxe4 14. Qxe4 Nxe5 15. Bxe5 Re8 16. h4 Bf8 17. a3 Re7 18. Qg4 Rd7 19. b4 Qe7 20. c5 Qd8 21. Bf1 g6 22. h5 Qg5 23. Qxg5 hxg5 24. hxg6 fxg6 25. Bc4 Re8 26. Re1 Bg7 27. Rad1 bxc5 28. bxc5 Bxe5 29. Rxe5 Kf7 30. Rd3 g4 31. Re4 Bc8 32. Rxg4 Kg7 33. Re4 Rde7 34. Rb3 Kf6 35. Kg2 e5 36. Rf3+ Kg7 37. Rfe3 Kf6 38. dxe5+ Rxe5 39. Rf3+ Bf5 40. Rxe5 Rxe5 41. Bd3 Rd5 42. Be4 Rxc5 43. g4 Rc4 44. Bxf5 gxf5 45. Rxf5+ Kg6 46. Kg3 Ra4 47. Rf3 Kg5 48. Rf5+ Kg6 49. Rc5 Rxa3+ 50. f3 Ra6 51. Kh4 Rb6 52. f4 Kg7 53. g5 a6 54. Kh5 Kh7 55. Re5 Rb7 56. f5 Kg7 57. Re7+ Rxe7 58. f6+ Kf7 59. fxe7 Kxe7 60. Kh6 1-0

[Event "JUG-chT2"]
[Site "Becici"]
[Date "1993.??.??"]
[Round "2"]
[White "Ivanovic, Miroslav"]
[Black "Martinovic, Slobodan"]
[Result "1-0"]
[WhiteElo "2225"]
[BlackElo "2465"]
[PlyCount "51"]
[EventDate "1993.??.??"]
[Source "www.chesslib.no"]
[SourceDate "2004.05.04"]

1. d4 d5 2. Nf3 Nf6 3. c4 e6 4. Nc3 Be7 5. g3 Nbd7 6. Bg2 O-O 7. O-O c6 8. Qd3 Re8 9. e4 b6 10. e5 dxc4 11. Qxc4 Nd5 12. Qxc6 Ba6 13. Nxd5 exd5 14. Rd1 Bf8 15. Qxd5 Rb8 16. Ng5 Re7 17. Qe4 g6 18. Qh4 h6 19. Ne4 g5 20. Qh5 Re6 21. f4 gxf4 22. gxf4 Rg6 23. f5 Rxg2+ 24. Kxg2 Bb7 25. Kh3 Kh7 26. Ng5+ 1-0

[Event "Pardubice"]
[Site "?"]
[Date "2006.07.24"]
[Round "4"]
[White "Marszalek Maciej"]
[Black "Okara Andrey"]
[Result "1/2-1/2"]
[WhiteElo "2407"]
[BlackElo "2271"]
[PlyCount "75"]
[EventDate "2006.??.??"]
[Source "www.chesslib.no"]
[SourceDate "2004.05.04"]

1. d4 d5 2. c4 c6 3. Nc3 Nf6 4. Nf3 e6 5. Qd3 Nbd7 6. g3 Be7 7. Bg2 O-O 8. O-O b6 9. Rd1 Ba6 10. b3 Ne8 11. Bb2 Nd6 12. Ne5 Rc8 13. Qc2 f5 14. e3 b5 15. c5 Ne4 16. Nxe4 fxe4 17. f4 b4 18. Nxd7 Qxd7 19. Qd2 Rb8 20. a3 bxa3 21. Rxa3 Bb5 22. b4 g5 23. Rda1 a6 24. Qd1 gxf4 25. exf4 Qe8 26. Qg4+ Qg6 27. Qxg6+ hxg6 28. h4 Rb7 29. Bc3 Ra8 30. Bf1 Bxf1 31. Kxf1 Rba7 32. Ke2 Kf7 33. Ke3 Ke8 34. Rh1 Kd7 35. Ra2 Rh8 36. Rah2 Raa8 37. Rf2 Kc7 38. Ra1 1/2-1/2

[Event "Balatonbereny Open"]
[Site "Balatonbereny HUN"]
[Date "1992.??.??"]
[Round "8"]
[White "Horvath, Jozsef"]
[Black "Velvart, Peterne"]
[Result "1-0"]
[WhiteElo "2480"]
[BlackElo "2195"]
[PlyCount "47"]
[EventDate "1992.09.??"]
[Source "www.chesslib.no"]
[SourceDate "2004.05.04"]

1. d4 d5 2. Nf3 Nf6 3. c4 e6 4. Nc3 Be7 5. g3 O-O 6. Bg2 c6 7. O-O Nbd7 8. Qd3 b6 9. e4 Ba6 10. b3 Rc8 11. Bb2 c5 12. exd5 exd5 13. Rad1 dxc4 14. bxc4 cxd4 15. Nb5 Nc5 16. Qxd4 Qxd4 17. Nfxd4 Na4 18. Nf5 Bd8 19. Ba3 Bxb5 20. Bxf8 Bxc4 21. Nd6 Rb8 22. Nxc4 Kxf8 23. Ne5 Be7 24. Rd7 1-0

[Event "Kallithea 2nd"]
[Site "Kallithea"]
[Date "1976.??.??"]
[Round "8"]
[White "Dimitrijevic, Milorad"]
[Black "Georgievski, Vanco"]
[Result "0-1"]
[WhiteElo "2425"]
[BlackElo "2250"]
[PlyCount "80"]
[EventDate "1976.05.??"]
[Source "www.chesslib.no"]
[SourceDate "2004.05.04"]

1. d4 d5 2. Nf3 c6 3. c4 Nf6 4. Nc3 e6 5. g3 Nbd7 6. Bg2 Be7 7. O-O O-O 8. Qd3 b6 9. e4 dxe4 10. Nxe4 Ba6 11. Nc3 Rc8 12. b3 Re8 13. Bb2 b5 14. cxb5 cxb5 15. Rfc1 Nc5 16. Qd1 b4 17. dxc5 bxc3 18. Bxc3 Bxc5 19. Bd4 Bb6 20. Rxc8 Bxc8 21. Rc1 Bb7 22. Bxb6 Qxb6 23. Qd4 Qa5 24. Qd2 Qb6 25. Ne5 Bxg2 26. Kxg2 Rd8 27. Qe2 h6 28. Nc6 Rd7 29. Ne5 Rd8 30. Qf3 Qa6 31. Rc2 Qb5 32. Nc6 Rd7 33. a4 Qb6 34. Ne5 Rd8 35. Rc4 a5 36. Qc3 Nd5 37. Qf3 f6 38. Nc6 Rd6 39. Nd4 Qb7 40. Nb5 Ne3+ 0-1

[Event "Skopje ol (Men)"]
[Site "Skopje MKD"]
[Date "1972.??.??"]
[Round "3"]
[White "Pustina, Ylvi"]
[Black "Cuellar Gacharna, Miguel"]
[Result "1/2-1/2"]
[WhiteElo "2280"]
[BlackElo "2395"]
[PlyCount "60"]
[EventDate "1972.09.??"]
[Source "www.chesslib.no"]
[SourceDate "2004.05.04"]

1. d4 e6 2. c4 d5 3. Nc3 Be7 4. Nf3 Nf6 5. g3 O-O 6. Bg2 c6 7. O-O Nbd7 8. Qd3 b6 9. e4 dxc4 10. Qxc4 Bb7 11. Rd1 b5 12. Qe2 b4 13. Na4 Qa5 14. b3 c5 15. dxc5 Nxc5 16. Nxc5 Bxc5 17. Nd2 Rfd8 18. Bb2 Bd4 19. Nc4 Qc5 20. Bxd4 Rxd4 21. Rxd4 Qxd4 22. Rd1 Qc5 23. Qd3 Rc8 24. Qd8+ Rxd8 25. Rxd8+ Qf8 26. Rxf8+ Kxf8 27. f3 Ke7 28. Kf2 Ba6 29. Ne5 Bb5 30. Bf1 Nd7 1/2-1/2